LIBRARY & INFORMATION CENTRE, KCAET, TAVANUR

ONLINE PUBLIC ACCESS CATALOGUE (OPAC)

Physical chemistry / (Record no. 7530)

MARC details
000 -LEADER
fixed length control field 00515cam a2200205ua 4500
020 ## - INTERNATIONAL STANDARD BOOK NUMBER
ISBN 81-85015-59-7
041 ## - LANGUAGE CODE
Language code of text/sound track or separate title eng
082 ## - DEWEY DECIMAL CLASSIFICATION NUMBER
Classification number 541.3
Item number CAS/PH
100 ## - MAIN ENTRY--AUTHOR NAME
Personal name Castellan, Gilbert W .
245 ## - TITLE STATEMENT
Title Physical chemistry /
250 ## - EDITION STATEMENT
Edition statement 3 /
260 ## - PUBLICATION, DISTRIBUTION, ETC. (IMPRINT)
Place of publication Chennai :
Name of publisher Narosa Publishing House ,
Year of publication 1995.
300 ## - PHYSICAL DESCRIPTION
Number of Pages 1017 ; .
500 ## - GENERAL NOTE
General note *CSS
942 ## - ADDED ENTRY ELEMENTS (KOHA)
Koha item type Books
Holdings
Withdrawn status Lost status Damaged status Home library Current library Shelving location Date acquired Full call number Accession Number Koha item type
      KAUAET KAUAET Scheme 26/07/2018 541.3 CAS/PH 18986 Book Bank scheme for SC students
      KAUAET KAUAET Scheme 26/07/2018 541.3 CAS/PH 18987 Book Bank scheme for SC students
free website counter